00298 a2200109 450000500170000002000220001708200080003910000150004724500630006226000280012530000350015320250702075138.0 a978-1-910-93143-1 aGIM aGIMSON, A. aGimson's Prime Ministers: Brief Lives from Walpole to May, bPENGUIN CLASICS,c2018. axix, 300p,: ill, picturec22cm